|
|
|
|
| LEADER |
00000cam a22000004a 4500 |
| 001 |
musev2_57565 |
| 003 |
MdBmJHUP |
| 005 |
20230905045916.0 |
| 006 |
m o d |
| 007 |
cr||||||||nn|n |
| 008 |
180210s2017 sz o 00 0 eng d |
| 020 |
|
|
|a 9780262343169
|
| 020 |
|
|
|z 9780262036979
|
| 020 |
|
|
|z 0262343169
|
| 035 |
|
|
|a (OCoLC)1021802637
|
| 040 |
|
|
|a MdBmJHUP
|c MdBmJHUP
|
| 100 |
1 |
|
|a Talmy, Leonard,
|e author.
|
| 245 |
1 |
4 |
|a The Targeting System of Language /
|c Leonard Talmy.
|
| 264 |
|
1 |
|a Cambridge, Massachusetts :
|b The MIT Press,
|c [2017]
|
| 264 |
|
3 |
|a Baltimore, Md. :
|b Project MUSE,
|c 2018
|
| 264 |
|
4 |
|c ©[2017]
|
| 300 |
|
|
|a 1 online resource (672 pages).
|
| 336 |
|
|
|a text
|b txt
|2 rdacontent
|
| 337 |
|
|
|a computer
|b c
|2 rdamedia
|
| 338 |
|
|
|a online resource
|b cr
|2 rdacarrier
|
| 520 |
|
|
|a A proposal that a single linguistic/cognitive system, ""targeting, "" underlies two domains of reference, anaphora (speech-internal) and deixis (speech-external).
|
| 588 |
|
|
|a Description based on print version record.
|
| 650 |
|
7 |
|a Systemic grammar.
|2 fast
|0 (OCoLC)fst01141439
|
| 650 |
|
7 |
|a Subjectivity.
|2 fast
|0 (OCoLC)fst01136568
|
| 650 |
|
7 |
|a Linguistic analysis (Linguistics)
|2 fast
|0 (OCoLC)fst00999166
|
| 650 |
|
7 |
|a Cognitive grammar.
|2 fast
|0 (OCoLC)fst00866531
|
| 650 |
|
7 |
|a LANGUAGE ARTS & DISCIPLINES
|x Linguistics
|x Syntax.
|2 bisacsh
|
| 650 |
|
7 |
|a LANGUAGE ARTS & DISCIPLINES
|x Grammar & Punctuation.
|2 bisacsh
|
| 650 |
|
6 |
|a Analyse linguistique (Linguistique)
|
| 650 |
|
6 |
|a Grammaire systemique.
|
| 650 |
|
6 |
|a Grammaire cognitive.
|
| 650 |
|
0 |
|a Linguistic analysis (Linguistics)
|
| 650 |
|
0 |
|a Systemic grammar.
|
| 650 |
|
0 |
|a Subjectivity.
|
| 650 |
|
0 |
|a Cognitive grammar.
|
| 655 |
|
7 |
|a Electronic books.
|2 local
|
| 710 |
2 |
|
|a Project Muse.
|e distributor
|
| 830 |
|
0 |
|a Book collections on Project MUSE.
|
| 856 |
4 |
0 |
|z Texto completo
|u https://projectmuse.uam.elogim.com/book/57565/
|
| 945 |
|
|
|a Project MUSE - Custom Collection
|
| 945 |
|
|
|a Project MUSE - 2018 Complete
|
| 945 |
|
|
|a Project MUSE - 2018 Language and Linguistics
|